LIBRARY & INFORMATION CENTRE, KCAET, TAVANUR

ONLINE PUBLIC ACCESS CATALOGUE (OPAC)

Prescott,Harley and Klein`s microbiology / (Record no. 13110)

MARC details
000 -LEADER
fixed length control field 00383cam a2200145ua 4500
020 ## - INTERNATIONAL STANDARD BOOK NUMBER
ISBN 9780071102315
082 ## - DEWEY DECIMAL CLASSIFICATION NUMBER
Classification number 576
Item number WIL/MI
100 ## - MAIN ENTRY--AUTHOR NAME
Personal name Willey, Jaonne M .
245 ## - TITLE STATEMENT
Title Prescott,Harley and Klein`s microbiology /
250 ## - EDITION STATEMENT
Edition statement 7 /
260 ## - PUBLICATION, DISTRIBUTION, ETC. (IMPRINT)
Place of publication New York :
Name of publisher Mc Graw hill ,
Year of publication 2008.
700 1# - ADDED ENTRY--PERSONAL NAME
Personal name Sherwood, Linda M .
700 1# - ADDED ENTRY--PERSONAL NAME
Personal name Woolverton, Christopher J .
942 ## - ADDED ENTRY ELEMENTS (KOHA)
Koha item type Books
Holdings
Withdrawn status Lost status Damaged status Home library Current library Date acquired Full call number Accession Number Koha item type
      KAUAET KAUAET 07/04/2012 576 21361 Books
free website counter